[Event "Lichtenberger Sommer 2023"]
[Site "Berlin"]
[Date "2023.08.17"]
[Round "6.54"]
[White "Pröschild, Matthias"]
[Black "Kreuchauf, Olaf"]
[Result "1/2-1/2"]
[WhiteElo "1883"]
[BlackElo "1667"]
[PlyCount "47"]
[EventDate "2023.??.??"]
[WhiteTeam "BSV 63 Chemie Weißensee"]
[BlackTeam "SC Eintracht Berlin e.V."]

1. Nf3 g6 2. g3 Bg7 3. Bg2 d6 4. O-O c5 5. d4 cxd4 6. Nxd4 Nf6 7. c3 O-O 8. Qb3
Qc7 9. Nd2 a6 10. Qc4 Qxc4 11. Nxc4 Nbd7 12. b3 Rb8 13. Ba3 Re8 14. e4 Nf8 15.
Rad1 Bd7 16. e5 dxe5 17. Nxe5 Bc8 18. Rfe1 Ne6 19. Ndf3 Bf8 20. Bh3 Ng7 21. Bf1
Ng4 22. Nd7 Bxd7 23. Rxd7 e6 24. Bxf8 1/2-1/2

[Event "Lichtenberger Sommer 2023"]
[Site "Berlin"]
[Date "2023.08.17"]
[Round "6.55"]
[White "Kapp, Frank"]
[Black "Janoschka, Julien"]
[Result "1/2-1/2"]
[WhiteElo "1861"]
[BlackElo "1480"]
[PlyCount "37"]
[EventDate "2023.??.??"]
[WhiteTeam "TSV IFA Chemnitz"]
[BlackTeam "SF Nordost Berlin"]

1. d4 Nf6 2. Nf3 g6 3. Bf4 Bg7 4. e3 O-O 5. Bd3 d6 6. h3 Nbd7 7. O-O Re8 8. Bb5
c6 9. Ba4 Qb6 10. Bb3 e5 11. Bh2 exd4 12. exd4 d5 13. c3 Nf8 14. Be5 Bf5 15.
Nh4 Be4 16. Nd2 N8d7 17. Nxe4 Nxe4 18. Bxg7 Kxg7 19. Re1 1/2-1/2

[Event "Lichtenberger Sommer 2023"]
[Site "Berlin"]
[Date "2023.08.17"]
[Round "6.57"]
[White "Mazurtsova, Margarita"]
[Black "Schmidt, Fabian"]
[Result "1/2-1/2"]
[WhiteElo "1526"]
[BlackElo "1848"]
[PlyCount "101"]
[EventDate "2023.??.??"]
[WhiteTeam "SC Kreuzberg e.V."]
[BlackTeam "SV Königsjäger Süd-West e.V."]

1. c4 c5 2. Nc3 Nf6 3. g3 d5 4. cxd5 Nxd5 5. Bg2 Nxc3 6. bxc3 e5 7. Rb1 Qc7 8.
Qb3 Nc6 9. d3 Be7 10. Nf3 O-O 11. O-O Kh8 12. Be3 Rb8 13. Nd2 Be6 14. Qc2 Rbd8
15. Ne4 c4 16. Ng5 Bxg5 17. Bxg5 f6 18. Be3 cxd3 19. exd3 Bf5 20. Rfd1 Nd4 21.
Bxd4 exd4 22. c4 b6 23. Re1 Rde8 24. Qd2 Qd7 25. Bd5 Rxe1+ 26. Rxe1 Re8 27.
Rxe8+ Qxe8 28. Qf4 Bh3 29. Qe4 Qa4 30. Qe1 h5 31. Bf7 h4 32. Bg6 Qd7 33. Qe4
hxg3 34. hxg3 Be6 35. Qh4+ Kg8 36. Qh7+ Kf8 37. Qh8+ Bg8 38. Bh7 Qe6 39. Bxg8
Qxg8 40. Qh4 Qe6 41. Qxd4 Qe1+ 42. Kg2 Qd2 43. Qd6+ Kg8 44. a3 Qc3 45. Qe6+ Kh7
46. Qf5+ Kg8 47. f4 Qb3 48. Qd7 a5 49. Qe6+ Kh7 50. Qf5+ Kg8 51. Qb5 1/2-1/2

[Event "Lichtenberger Sommer 2023"]
[Site "Berlin"]
[Date "2023.08.17"]
[Round "6.58"]
[White "Zesewitz, Marco"]
[Black "Meister, Alexander"]
[Result "0-1"]
[WhiteElo "1427"]
[BlackElo "1926"]
[PlyCount "142"]
[EventDate "2023.??.??"]
[WhiteTeam "SV SF Friedrichshagen"]
[BlackTeam "SK Präsident"]

1. e4 c6 2. Nf3 d5 3. Nc3 dxe4 4. Nxe4 Nd7 5. d4 Ngf6 6. Ng3 e6 7. Bd3 c5 8.
O-O cxd4 9. Re1 Be7 10. Nxd4 O-O 11. c3 Re8 12. b4 Nf8 13. Nf3 Nd5 14. Ne5 g6
15. Ng4 Bg5 16. Bb2 Nf6 17. Nxf6+ Bxf6 18. Ne4 Bg7 19. Qf3 f5 20. Ng3 Qc7 21.
Rac1 Bd7 22. Qe2 Qf4 23. Qe3 Qxe3 24. fxe3 a6 25. a3 Bc6 26. Bc4 Rad8 27. Rcd1
Kf7 28. Ne2 Ke7 29. h4 Be4 30. Ng3 Bc2 31. Rxd8 Rxd8 32. Re2 Bd3 33. Bxd3 Rxd3
34. Rc2 Rxe3 35. Kf2 Rd3 36. Ne2 Rd1 37. c4 Bxb2 38. Rxb2 e5 39. Rb3 Ne6 40.
Nc3 Rd2+ 41. Ke1 Nc7 42. g3 e4 43. Ne2 Kf6 44. a4 h6 45. b5 a5 46. b6 Na6 47.
Nf4 Rc2 48. Nd5+ Ke5 49. Rb5 Kd6 50. Rxa5 Rxc4 51. Kf2 Nc5 52. Ne3 Rxa4 53. Rb5
Ra2+ 54. Kf1 Kc6 55. Rb1 Ra3 56. Ke2 Rb3 57. Re1 Rb2+ 58. Kf1 Rxb6 59. Nc4 Rb5
60. Ne5+ Kd5 61. Nxg6 Rb3 62. Nf4+ Kd6 63. Rd1+ Kc6 64. Rc1 Kb5 65. Ne2 Kb4 66.
Nd4 Rd3 67. Nc2+ Kb5 68. Rb1+ Nb3 69. Rxb3+ Rxb3 70. Nd4+ Kc4 71. Nxf5 Rf3+ 0-1

[Event "Lichtenberger Sommer 2023"]
[Site "Berlin"]
[Date "2023.08.17"]
[Round "6.59"]
[White "Grassi, Fabrizio"]
[Black "Potgieter, Edward"]
[Result "1/2-1/2"]
[WhiteElo "1878"]
[BlackElo "1719"]
[PlyCount "90"]
[EventDate "2023.??.??"]
[WhiteTeam "SV Berlin-Friedrichstadt"]
[BlackTeam "Johannesburg Metro Chess"]

1. d4 Nf6 2. Bf4 d5 3. e3 c5 4. c3 Nc6 5. Nd2 e6 6. Bd3 Bd6 7. Bxd6 Qxd6 8. f4
O-O 9. a3 c4 10. Bc2 b5 11. Ngf3 Bb7 12. O-O Ne7 13. Ne5 Ne4 14. Qe2 f6 15. Ng4
a5 16. Nf2 Nxd2 17. Qxd2 f5 18. Nh3 h6 19. Kh1 Rf6 20. Ng1 g5 21. Nf3 g4 22.
Ne5 Ng6 23. h3 h5 24. hxg4 hxg4 25. g3 Qe7 26. Kg2 Nxe5 27. fxe5 Rg6 28. Rh1
Qg5 29. Rh4 Rh6 30. Rxh6 Qxh6 31. Rh1 Qg5 32. Kf1 Rf8 33. Rh4 Kf7 34. Rh7+ Kg6
35. Qh2 Rf7 36. Rh8 Rg7 37. Kf2 Kf7 38. Rb8 Kg6 39. Qh8 Qh6 40. Qe8+ Kh7 41.
Qh8+ Kg6 42. Qxh6+ Kxh6 43. Re8 Rg6 44. Re7 Bc6 45. Rc7 Be8 1/2-1/2

[Event "Lichtenberger Sommer 2023"]
[Site "Berlin"]
[Date "2023.08.17"]
[Round "6.60"]
[White "Schubert, Joachim"]
[Black "Sakalli, Selcuk Orkun"]
[Result "0-1"]
[WhiteElo "1872"]
[BlackElo "1706"]
[PlyCount "47"]
[EventDate "2023.??.??"]
[WhiteTeam "SC Friesen Lichtenberg e.V."]
[BlackTeam "SC Zugzwang 95 e.V."]

1. e4 e5 2. Nf3 Nc6 3. Bb5 a6 4. Ba4 Nf6 5. O-O b5 6. Bb3 Nxe4 7. d4 d5 8. dxe5
Be6 9. Be3 Be7 10. c3 Na5 11. Bc2 Nc4 12. Bc1 O-O 13. b3 Nb6 14. Re1 Bg4 15.
Qe2 Bxf3 16. gxf3 Nc5 17. Kh1 f5 18. exf6 Bxf6 19. Ba3 Nbd7 20. Rg1 Qe8 21. Qd2
Qh5 22. f4 Qh4 23. Bb4 c6 24. Bf5 0-1

[Event "Lichtenberger Sommer 2023"]
[Site "Berlin"]
[Date "2023.08.17"]
[Round "6.61"]
[White "Gmeiner, Joram"]
[Black "Glienke, Michael"]
[Result "1-0"]
[WhiteElo "1847"]
[BlackElo "1692"]
[PlyCount "59"]
[EventDate "2023.??.??"]
[WhiteTeam "SF Siemensstadt"]
[BlackTeam "SC Kreuzberg e.V."]

1. e4 c5 2. Nf3 Nf6 3. e5 Nd5 4. d4 e6 5. c4 Nb6 6. Nc3 cxd4 7. Qxd4 Nc6 8. Qe4
d6 9. exd6 Bxd6 10. a3 O-O 11. Bd3 f5 12. Qe2 Qf6 13. Be3 Nd7 14. Bg5 Qg6 15.
b4 e5 16. c5 Bb8 17. Bc4+ Kh8 18. Qd2 h6 19. h4 e4 20. h5 Qh7 21. Nh4 Nde5 22.
Ng6+ Nxg6 23. hxg6 Qxg6 24. Bxh6 Be6 25. Bxe6 Qxe6 26. Qg5 Qxh6 27. Rxh6+ gxh6
28. Qxh6+ Kg8 29. Qg6+ Kh8 30. O-O-O 1-0

[Event "Lichtenberger Sommer 2023"]
[Site "Berlin"]
[Date "2023.08.17"]
[Round "6.62"]
[White "Sklorz, Tobias"]
[Black "Kohlmeyer, Dagobert"]
[Result "0-1"]
[WhiteElo "1658"]
[BlackElo "1840"]
[PlyCount "122"]
[EventDate "2023.??.??"]
[WhiteTeam "Tempelhofer SV Mariendorf 1897"]
[BlackTeam "SG Weißensee 49 e.V."]

1. e4 e6 2. d4 d5 3. e5 c5 4. c3 Nc6 5. Nf3 Qb6 6. a3 Bd7 7. b4 cxd4 8. cxd4 f6
9. Bb2 Be7 10. Bd3 Nh6 11. exf6 Bxf6 12. Ne5 O-O-O 13. O-O Nxd4 14. Re1 Bxe5
15. Rxe5 Nf7 16. Re1 Kb8 17. Bf1 e5 18. Nc3 Bc6 19. Rc1 h5 20. Na4 Bxa4 21.
Qxa4 a6 22. Bxd4 Qxd4 23. Rc5 Nd6 24. Rd1 Qf4 25. Rcxd5 Rhf8 26. Qc2 Rc8 27.
Rc5 Ne4 28. Rxc8+ Rxc8 29. Qb2 Rf8 30. Be2 Qxf2+ 31. Kh1 Qf6 32. Bf3 Ng5 33.
Rf1 Qe7 34. Be2 Rxf1+ 35. Bxf1 Qf6 36. Qe2 Qf4 37. Kg1 Qd4+ 38. Qf2 Kc7 39.
Qxd4 exd4 40. Bd3 Kd6 41. h4 Nf7 42. Bg6 Ne5 43. Bxh5 Kd5 44. Kf2 Kc4 45. Bd1
Kc3 46. Ke1 b5 47. g4 Kb2 48. g5 Kxa3 49. h5 Nf7 50. h6 g6 51. h7 Kxb4 52. Kd2
a5 53. Bc2 Nh8 54. Kd3 Kc5 55. Ke4 a4 56. Ke5 a3 57. Bb1 d3 58. Kf6 d2 59. Kg7
d1=Q 60. Kxh8 Qxb1 61. Kg8 Qh1 0-1

[Event "Lichtenberger Sommer 2023"]
[Site "Berlin"]
[Date "2023.08.17"]
[Round "6.63"]
[White "Willich, Manfred"]
[Black "Fock, Madiha"]
[Result "0-1"]
[WhiteElo "1837"]
[BlackElo "1667"]
[PlyCount "114"]
[EventDate "2023.??.??"]
[WhiteTeam "SK Turm Bad Hersfeld"]
[BlackTeam "TSG Oberschöneweide e.V."]

1. d4 Nf6 2. c4 g6 3. Nc3 d5 4. cxd5 Nxd5 5. Na4 Bg7 6. e4 Nb6 7. Be3 O-O 8.
Nf3 Nxa4 9. Qxa4 c5 10. Rd1 Qb6 11. Rd2 Bd7 12. Qd1 Qa5 13. Bc4 Bc6 14. O-O b5
15. Bd3 c4 16. Bb1 b4 17. d5 Bb5 18. Re1 c3 19. Rc2 cxb2 20. Bd4 Ba4 21. Bxg7
Bxc2 22. Qd4 Rc8 23. Qxb2 Bxb1 24. Rxb1 Nd7 25. Nd4 Qa3 26. Nc6 Qxb2 27. Bxb2
Kf8 28. a3 a5 29. axb4 axb4 30. f3 Ra4 31. Bd4 Nb8 32. Nxb4 Na6 33. Nxa6 Rxd4
34. Nb8 Rd2 35. Nc6 e6 36. Rb5 Ra8 37. h4 Raa2 38. Kh2 Rxg2+ 39. Kh3 Rh2+ 40.
Kg3 Rag2+ 41. Kf4 Rxh4+ 42. Ke5 exd5 43. exd5 Re2+ 44. Kd6 Rd2 45. Kc7 Rh5 46.
Rb8+ Kg7 47. d6 Rhd5 48. Rd8 Kf6 49. d7 h5 50. Nb8 Ke7 51. Re8+ Kf6 52. Rh8 Kg7
53. Re8 h4 54. Re4 R5d4 55. Rxd4 Rxd4 56. Nc6 Rxd7+ 57. Kxd7 h3 0-1

[Event "Lichtenberger Sommer 2023"]
[Site "Berlin"]
[Date "2023.08.17"]
[Round "6.64"]
[White "Teusch, Lucas"]
[Black "Jeß, Arne"]
[Result "1/2-1/2"]
[WhiteElo "1605"]
[BlackElo "1824"]
[PlyCount "83"]
[EventDate "2023.??.??"]
[WhiteTeam "Leegebrucher SF"]
[BlackTeam "TSG Rot-Weiß Fredersdorf/Vogelsd"]

1. b3 e5 2. Bb2 Nc6 3. e3 a6 4. c4 Nf6 5. Nf3 d6 6. d4 exd4 7. Nxd4 Ne5 8. Be2
g6 9. Nf3 Qe7 10. Nxe5 dxe5 11. Nc3 c6 12. e4 Bg7 13. Qc1 b5 14. Qc2 O-O 15.
O-O Bb7 16. a4 b4 17. Nd1 Rad8 18. Ne3 h5 19. Rad1 Nd7 20. Qd2 a5 21. Nc2 Kh7
22. Bc1 Qc5 23. Qe3 Qb6 24. Qxb6 Nxb6 25. Rxd8 Rxd8 26. Rd1 Rxd1+ 27. Bxd1 Bh6
28. Bxh6 Kxh6 29. Ne1 Nd7 30. Nd3 f5 31. Bf3 c5 32. g3 fxe4 33. Bg2 exd3 34.
Bxb7 d2 35. Bf3 e4 36. Bd1 Ne5 37. Kf1 Nf3 38. Ke2 Kg5 39. Ke3 Kf5 40. Bxf3
exf3 41. Kxd2 Ke4 42. h4 1/2-1/2

[Event "Lichtenberger Sommer 2023"]
[Site "Berlin"]
[Date "2023.08.17"]
[Round "6.65"]
[White "Kretzschmar, Jan"]
[Black "Müller, Johannes"]
[Result "1/2-1/2"]
[WhiteElo "1803"]
[BlackElo "1651"]
[PlyCount "89"]
[EventDate "2023.??.??"]
[WhiteTeam "SC Kreuzberg e.V."]
[BlackTeam "SC Eintracht Berlin e.V."]

1. d4 Nf6 2. Nf3 d6 3. g3 g6 4. Bg2 Bg7 5. O-O O-O 6. h3 Re8 7. Nc3 d5 8. Ne5
c6 9. a4 a5 10. e4 dxe4 11. Nxe4 Nxe4 12. Bxe4 Bxh3 13. Re1 Bxe5 14. dxe5 Qxd1
15. Rxd1 Nd7 16. Kh2 Be6 17. f4 Nc5 18. Bf3 Rad8 19. Re1 Bf5 20. Be3 Be4 21.
Be2 Nd7 22. Rac1 b6 23. Bg4 e6 24. b3 Bf5 25. Bf3 g5 26. Bxc6 gxf4 27. gxf4 Kf8
28. Red1 Ke7 29. Bf2 Rf8 30. Bxd7 Rxd7 31. Rxd7+ Kxd7 32. Bxb6 Ra8 33. Be3 Kc7
34. Bd2 Kb6 35. Be3+ Kc6 36. Bd2 Kb6 37. Kg3 Rd8 38. Be3+ Kc6 39. Kf3 Rc8 40.
Bd4 Kd5 41. Bb6 Rxc2 42. Rd1+ Kc6 43. Rd6+ Kb7 44. Bxa5 Rb2 45. b4 1/2-1/2

[Event "Lichtenberger Sommer 2023"]
[Site "Berlin"]
[Date "2023.08.17"]
[Round "6.66"]
[White "Kellner, Rene"]
[Black "Bruening, Wolfgang"]
[Result "0-1"]
[WhiteElo "1480"]
[BlackElo "1801"]
[PlyCount "58"]
[EventDate "2023.??.??"]
[WhiteTeam "Potsdamer SV Mitte e.V."]
[BlackTeam "vereinslos"]

1. c4 Nf6 2. g3 e5 3. Bg2 Nc6 4. Nc3 g6 5. e4 d6 6. Nge2 Bg7 7. O-O Bg4 8. h3
Be6 9. d3 Qd7 10. Kh2 O-O-O 11. Qa4 a6 12. b4 Nb8 13. b5 c6 14. Be3 c5 15. Rab1
Rde8 16. Qa3 Kd8 17. bxa6 Nxa6 18. Qa5+ Ke7 19. Nd5+ Bxd5 20. cxd5 Ra8 21. Qd2
Rhb8 22. f4 exf4 23. Bxf4 Kf8 24. Bh6 Ne8 25. h4 Nb4 26. Bh3 Qe7 27. Bg5 f6 28.
Rxb4 cxb4 29. Nf4 Kg8 0-1

[Event "Lichtenberger Sommer 2023"]
[Site "Berlin"]
[Date "2023.08.17"]
[Round "6.67"]
[White "Ali, Maha"]
[Black "Sommer, Ingo"]
[Result "0-1"]
[WhiteElo "1325"]
[BlackElo "1787"]
[PlyCount "154"]
[EventDate "2023.??.??"]
[WhiteTeam "SK Zehlendorf e.V."]
[BlackTeam "SC Kreuzberg e.V."]

1. d4 Nf6 2. c4 e6 3. Nf3 b6 4. g3 Bb7 5. Bg2 Bb4+ 6. Bd2 Be7 7. O-O O-O 8. Nc3
d6 9. Re1 Ne4 10. Nxe4 Bxe4 11. Bc3 Nd7 12. Nd2 Bxg2 13. Kxg2 f5 14. e3 Qe8 15.
b4 Rf6 16. d5 e5 17. Nb3 Rh6 18. a3 Qf7 19. Qf3 Bf6 20. Qxf5 Re8 21. e4 Rh5 22.
Qf3 Qg6 23. Rh1 Rf8 24. Qe2 Bd8 25. Rhf1 Qh6 26. Rh1 Nf6 27. Bd2 Qg6 28. Rae1
Ng4 29. f3 Nh6 30. Ref1 Bg5 31. Bxg5 Qxg5 32. h4 Qe7 33. Rh3 g5 34. f4 g4 35.
Rh2 exf4 36. gxf4 Rxh4 37. Rxh4 Qxh4 38. Rh1 Qf6 39. f5 Re8 40. Qe3 Nxf5 41.
Qd3 Nh4+ 42. Kg3 Ng6 43. Rf1 Qh4+ 44. Kg2 Re5 45. Nd2 Rh5 46. Qg3 Qg5 47. Qf2
Nh4+ 48. Kg3 Nf3 49. Nxf3 Rh3+ 50. Kg2 Rxf3 51. Qb2 Rxf1 52. Kxf1 Qf4+ 53. Kg1
h5 54. Qe2 h4 55. c5 bxc5 56. bxc5 dxc5 57. e5 Qg3+ 58. Kh1 Qf3+ 59. Qxf3 gxf3
60. d6 cxd6 61. exd6 Kf7 62. Kg1 c4 63. Kf2 c3 64. d7 Ke7 65. Kxf3 c2 66. d8=B+
Kxd8 67. Kg4 c1=R 68. Kxh4 Rg1 69. Kh3 Ke7 70. Kh2 Rg7 71. Kh1 Kf6 72. Kh2 Kf5
73. Kh3 Kf4 74. a4 a5 75. Kh2 Kf3 76. Kh1 Kf2 77. Kh2 Rh7# 0-1

[Event "Lichtenberger Sommer 2023"]
[Site "Berlin"]
[Date "2023.08.17"]
[Round "6.68"]
[White "Straßburg, Moritz"]
[Black "Rausch, Erik"]
[Result "1-0"]
[WhiteElo "1300"]
[BlackElo "1760"]
[PlyCount "53"]
[EventDate "2023.??.??"]
[WhiteTeam "SF Nordost Berlin"]
[BlackTeam "SC Kreuzberg e.V."]

1. e4 c5 2. Nf3 Nc6 3. d4 cxd4 4. Nxd4 g6 5. Nc3 Bg7 6. Be3 Nf6 7. Bc4 O-O 8.
Qd2 Ng4 9. Nxc6 bxc6 10. Bd4 Ne5 11. Bb3 Ba6 12. f4 Nc4 13. Bxc4 Bxc4 14. Bxg7
Kxg7 15. Qd4+ Kg8 16. Qxc4 Qb6 17. b3 Qe3+ 18. Ne2 d5 19. Qd4 Qxd4 20. Nxd4 c5
21. Nc6 e6 22. exd5 exd5 23. Ne7+ Kg7 24. Nxd5 Rfe8+ 25. Kf2 Re4 26. c4 Rae8
27. Rhe1 1-0

[Event "Lichtenberger Sommer 2023"]
[Site "Berlin"]
[Date "2023.08.17"]
[Round "6.69"]
[White "Udod, Oleksandra"]
[Black "Mayer, Herbert"]
[Result "0-1"]
[WhiteElo "845"]
[BlackElo "1738"]
[PlyCount "54"]
[EventDate "2023.??.??"]
[WhiteTeam "SK Zehlendorf e.V."]
[BlackTeam "SSV Rotation Berlin e.V."]

1. c4 e5 2. Nc3 f5 3. g3 Nf6 4. Bg2 c6 5. d3 g6 6. Nf3 d6 7. c5 Na6 8. cxd6
Qxd6 9. O-O Bg7 10. b3 O-O 11. Bb2 Re8 12. Re1 Nc7 13. e4 Ng4 14. h3 Nh6 15.
Qd2 Nf7 16. Rad1 Bh6 17. Qc2 f4 18. Ne2 fxg3 19. fxg3 Ne6 20. d4 exd4 21. Nexd4
Qxg3 22. Nf5 gxf5 23. exf5 Nc7 24. Qc4 Rxe1+ 25. Rxe1 Bxf5 26. Re7 Nd5 27. Rxb7
Re8 0-1

[Event "Lichtenberger Sommer 2023"]
[Site "Berlin"]
[Date "2023.08.17"]
[Round "6.70"]
[White "Elyounis, Aalaa"]
[Black "Krawczyk, Harald"]
[Result "1-0"]
[WhiteElo "1737"]
[BlackElo "1641"]
[PlyCount "49"]
[EventDate "2023.??.??"]
[WhiteTeam "SC Zitadelle Spandau 1977 e.V."]
[BlackTeam "SG Rot-Weiß Neuenhagen"]

1. e4 c5 2. Nc3 Nc6 3. g3 g6 4. Bg2 Bg7 5. d3 d6 6. f4 Bd7 7. Nh3 f5 8. O-O e6
9. Kh1 Nge7 10. Be3 a6 11. e5 dxe5 12. Bxc5 exf4 13. Nxf4 Qc8 14. Na4 Qc7 15.
Bb6 Qc8 16. Nc5 e5 17. Nh3 O-O 18. Nxd7 Qxd7 19. c3 Rfe8 20. Ng5 Kh8 21. Nf7+
Kg8 22. Qb3 Kf8 23. Ng5 Nc8 24. Bc5+ N8e7 25. Nxh7# 1-0

[Event "Lichtenberger Sommer 2023"]
[Site "Berlin"]
[Date "2023.08.17"]
[Round "6.71"]
[White "Skowronski, Peter"]
[Black "von Huebschmann, Andreas"]
[Result "1-0"]
[WhiteElo "1728"]
[BlackElo "1617"]
[PlyCount "61"]
[EventDate "2023.??.??"]
[WhiteTeam "vereinslos"]
[BlackTeam "vereinslos"]

1. d4 g6 2. Nf3 Bg7 3. c3 Nf6 4. e3 O-O 5. Bd3 d6 6. O-O Bg4 7. h3 Bxf3 8. Qxf3
Nc6 9. e4 Nd7 10. Be3 e5 11. d5 Ne7 12. Qe2 c5 13. dxc6 Nxc6 14. f4 Nc5 15. Bc2
exf4 16. Bxf4 Ne5 17. Be3 Qc7 18. Na3 a6 19. Nc4 b5 20. Nxe5 Bxe5 21. Rad1 Rae8
22. Bh6 Bg7 23. Bxg7 Kxg7 24. Qf3 f5 25. exf5 gxf5 26. Qg3+ Kh8 27. Bxf5 Qe7
28. Qxd6 Qe3+ 29. Kh1 Ne4 30. Bxe4 Rxf1+ 31. Rxf1 1-0

[Event "Lichtenberger Sommer 2023"]
[Site "Berlin"]
[Date "2023.08.17"]
[Round "6.72"]
[White "Bade, Heidrun"]
[Black "Ruddat, Mathias"]
[Result "0-1"]
[WhiteElo "1722"]
[BlackElo "1514"]
[PlyCount "56"]
[EventDate "2023.??.??"]
[WhiteTeam "USV Potsdam e.V., Abt. Schach"]
[BlackTeam "TSG Oberschöneweide e.V."]

1. e4 c5 2. Nf3 g6 3. Bc4 Bg7 4. Nc3 Nc6 5. O-O d6 6. h3 a6 7. Re1 e6 8. a4 Nf6
9. d4 cxd4 10. Nxd4 O-O 11. Nxc6 bxc6 12. Bg5 Qc7 13. Bb3 Bb7 14. Qf3 Nd7 15.
Rad1 h6 16. Be7 Ne5 17. Qg3 Qxe7 18. f4 Nd7 19. f5 Be5 20. Qg4 Nf6 21. Qf3 exf5
22. exf5 c5 23. Qe2 Bd4+ 24. Kh1 Qxe2 25. Rxe2 g5 26. Re7 Bc6 27. Ne2 Be5 28.
Rd3 Be4 0-1

[Event "Lichtenberger Sommer 2023"]
[Site "Berlin"]
[Date "2023.08.17"]
[Round "6.73"]
[White "Knol, Jeffrey"]
[Black "Regel, Michael"]
[Result "1-0"]
[WhiteElo "1179"]
[BlackElo "1722"]
[PlyCount "65"]
[EventDate "2023.??.??"]
[WhiteTeam "Schaakvereniging Almere"]
[BlackTeam "SC Friesen Lichtenberg e.V."]

1. e4 d6 2. Nf3 Nf6 3. Nc3 g6 4. Bc4 Bg7 5. d3 c5 6. O-O O-O 7. Be3 a6 8. a3
Nc6 9. Qd2 Nd4 10. Nxd4 cxd4 11. Bxd4 b5 12. Bd5 Nxd5 13. Bxg7 Kxg7 14. Nxd5 e6
15. Ne3 f5 16. f3 f4 17. Qc3+ Kg8 18. Ng4 h5 19. Nf2 Ra7 20. Qd4 Rg7 21. e5 d5
22. Rad1 g5 23. Nh3 g4 24. Nxf4 gxf3 25. Rxf3 Qg5 26. Rd2 h4 27. Rdf2 Rf5 28.
Re3 Rgf7 29. Nh3 Rxf2 30. Nxf2 Rg7 31. g3 Rf7 32. Qg4 Qxg4 33. Nxg4 1-0

[Event "Lichtenberger Sommer 2023"]
[Site "Berlin"]
[Date "2023.08.17"]
[Round "6.74"]
[White "Vaz da Cruz, Vinicius"]
[Black "Nguyen, Tuan Kiet"]
[Result "0-1"]
[WhiteElo "1600"]
[BlackElo "1873"]
[PlyCount "48"]
[EventDate "2023.??.??"]
[WhiteTeam "SSV Rotation Berlin e.V."]
[BlackTeam "SG Eckturm"]

1. e4 c6 2. d4 d5 3. exd5 cxd5 4. c4 Nf6 5. Nc3 g6 6. h3 Bg7 7. Nf3 O-O 8. cxd5
Nxd5 9. Bc4 Nb6 10. Bb3 Nc6 11. Be3 Na5 12. Bc2 Be6 13. b3 Rc8 14. Ne2 Bd5 15.
Ng5 Bxg2 16. Rg1 Bd5 17. Nf4 e5 18. Nh5 exd4 19. Nxg7 dxe3 20. Nxh7 exf2+ 21.
Kxf2 Qh4+ 22. Kf1 Rc3 23. Nf5 Qf4+ 24. Ke2 Re8+ 0-1

[Event "Lichtenberger Sommer 2023"]
[Site "Berlin"]
[Date "2023.08.17"]
[Round "6.75"]
[White "Hildebrand, Jörg"]
[Black "Schumacher, Gerhard"]
[Result "1/2-1/2"]
[WhiteElo "1552"]
[BlackElo "1776"]
[PlyCount "102"]
[EventDate "2023.??.??"]
[WhiteTeam "SF Berlin 1903 e.V."]
[BlackTeam "Gardez Robe"]

1. e4 d6 2. f4 Nf6 3. e5 dxe5 4. fxe5 Nd5 5. d4 Bf5 6. Bd3 Bxd3 7. Qxd3 e6 8.
Nf3 Be7 9. Qb5+ Nd7 10. Qxb7 Nb4 11. Qe4 Nb6 12. c3 Qd5 13. Qxd5 N4xd5 14. O-O
O-O 15. b3 c6 16. c4 Nc7 17. Ba3 Bxa3 18. Nxa3 a5 19. Nc2 h6 20. Nd2 Na6 21.
Ne4 Nb4 22. Nxb4 axb4 23. Nc5 Rfd8 24. Rfd1 Ra7 25. Nd3 Rxd4 26. Nxb4 Rxd1+ 27.
Rxd1 c5 28. Nd3 Nd7 29. Ra1 Kf8 30. Kf2 Ke8 31. Ke3 Ke7 32. Ke4 Ra5 33. a4 Ke8
34. h4 Ke7 35. g4 g6 36. Nf2 Nb8 37. Nd1 Nc6 38. Nc3 Nd4 39. Rb1 Nc6 40. Nb5
Nd8 41. Rd1 Ra6 42. Rd6 Ra5 43. Nc7 Ra7 44. Na6 Nb7 45. Rc6 Nd8 46. Rc7+ Rxc7
47. Nxc7 Kd7 48. Na6 Kc6 49. Kd3 Kb6 50. Nb8 Kc7 51. Na6+ Kb6 1/2-1/2

[Event "Lichtenberger Sommer 2023"]
[Site "Berlin"]
[Date "2023.08.17"]
[Round "6.76"]
[White "Reißmann, Edmund"]
[Black "Villuela, Roberto"]
[Result "0-1"]
[WhiteElo "1094"]
[BlackElo "1775"]
[PlyCount "102"]
[EventDate "2023.??.??"]
[WhiteTeam "SV Erzgebirge Stollber"]
[BlackTeam "SC Friesen Lichtenberg e.V."]

1. d4 Nf6 2. Nf3 g6 3. c4 Bg7 4. Bg5 Ne4 5. Bf4 c5 6. e3 Qa5+ 7. Nbd2 Nxd2 8.
Qxd2 Qxd2+ 9. Kxd2 d6 10. Bd3 Nc6 11. d5 Nb4 12. a3 Nxd3 13. Kxd3 Bxb2 14. Ra2
Bg7 15. h3 Bd7 16. Ke2 O-O 17. Rb1 b6 18. a4 Rfb8 19. Ng5 Rb7 20. a5 b5 21. g4
Rab8 22. a6 Rb6 23. cxb5 Rxb5 24. Rxb5 Rxb5 25. Ra3 Rb6 26. Kd2 Bc8 27. Ne4
Rxa6 28. Rb3 Rb6 29. Ra3 a6 30. Kc2 Bb7 31. Bg5 Bxd5 32. Nc3 Bxc3 33. Kxc3 f6
34. Bf4 g5 35. Bg3 Kf7 36. Ra1 Ke6 37. Rd1 Bb7 38. Kc4 Rb4+ 39. Kc3 a5 40. Bh2
Bf3 41. Rd2 a4 42. Ra2 Rb3+ 43. Kc2 Be4+ 44. Kc1 a3 45. Ra1 Kd5 46. Bg1 Kc4 47.
Bh2 Rc3+ 48. Kd2 Rc2+ 49. Kd1 a2 50. f3 Bd3 51. Bg3 Kb3 0-1

[Event "Lichtenberger Sommer 2023"]
[Site "Berlin"]
[Date "2023.08.17"]
[Round "6.77"]
[White "Engelhardt, Erhard"]
[Black "Lotzmanov, Peter"]
[Result "0-1"]
[WhiteElo "1709"]
[BlackElo "1591"]
[Annotator "Luca"]
[PlyCount "82"]
[EventDate "2023.??.??"]
[WhiteTeam "SSV Rotation Berlin e.V."]
[BlackTeam "BSG Stahl Eisenhüttenstadt e.V."]

1. f4 d5 2. e4 dxe4 3. Nc3 Nf6 4. Qe2 Qd4 5. h3 h5 6. d3 exd3 7. cxd3 Nc6 8.
Nf3 Qd7 9. Be3 Nd5 10. Qd2 Nxe3 11. Qxe3 e6 12. O-O-O Bb4 13. d4 Bxc3 14. Qxc3
Ne7 15. Qd2 Nd5 16. Bd3 a6 17. Rhe1 O-O 18. Ne5 Qa4 19. Bc4 Qb4 20. Qf2 Nf6 21.
a3 Qb6 22. Qc2 Qa5 23. Bb3 c6 24. Nc4 Qc7 25. Ne5 Bd7 26. Rd3 Nd5 27. Bxd5 exd5
28. Rde3 Rae8 29. Qb3 Bf5 30. g3 f6 31. Nf3 Rxe3 32. Qxe3 Bxh3 33. Ng1 Bg4 34.
Qd3 c5 35. Kb1 Qd7 36. Ka2 c4 37. Qe3 b5 38. Nf3 a5 39. Nh4 b4 40. Ng6 Rb8 41.
Ne7+ Kf7 0-1

[Event "Lichtenberger Sommer 2023"]
[Site "Berlin"]
[Date "2023.08.17"]
[Round "6.78"]
[White "Bunkens, Rudi"]
[Black "Hafermann, Lara"]
[Result "0-1"]
[WhiteElo "1694"]
[BlackElo "1590"]
[PlyCount "108"]
[EventDate "2023.??.??"]
[WhiteTeam "Koninklijke Gentse SK"]
[BlackTeam "SC Borussia Lichtenberg"]

1. d4 Nf6 2. Nf3 g6 3. g3 Bg7 4. c4 O-O 5. Bg2 d6 6. O-O Nbd7 7. Qc2 e5 8. Rd1
Ne8 9. e4 f5 10. exf5 gxf5 11. Bg5 Bf6 12. Bxf6 Qxf6 13. Nc3 c6 14. dxe5 Nxe5
15. Ne2 Ng7 16. Rac1 Nh5 17. Qd2 Ng6 18. Qd4 f4 19. Qxf6 Rxf6 20. Rc3 Bg4 21.
h3 Bxf3 22. Bxf3 Ng7 23. g4 Re8 24. Nd4 Nh4 25. Bh1 h5 26. Nf3 Ng6 27. Rd2 Rfe6
28. Kf1 Ne5 29. Nxe5 dxe5 30. Be4 hxg4 31. hxg4 Rh6 32. Rd7 Ne6 33. Rd6 Rh4 34.
f3 Nd4 35. Kg2 Kf8 36. Rc1 Ke7 37. Rg6 Rf8 38. Rg7+ Rf7 39. Rxf7+ Kxf7 40. b4
Ke7 41. Rh1 Rxh1 42. Kxh1 Ne2 43. b5 Ng3+ 44. Kg2 Nxe4 45. fxe4 Kf6 46. bxc6
bxc6 47. c5 Kg5 48. Kh3 f3 49. Kg3 f2 50. Kxf2 Kxg4 51. Ke3 Kg3 52. a3 a6 53.
Ke2 Kf4 54. Kd3 Kf3 0-1

[Event "Lichtenberger Sommer 2023"]
[Site "Berlin"]
[Date "2023.08.17"]
[Round "6.79"]
[White "Schilly, Hans-Joachim"]
[Black "Ettel, Ralf"]
[Result "1-0"]
[WhiteElo "1687"]
[BlackElo "1511"]
[PlyCount "64"]
[EventDate "2023.??.??"]
[WhiteTeam "SF Siemensstadt"]
[BlackTeam "SK König Tegel 1949 e.V."]

1. c4 Nf6 2. d4 e5 3. dxe5 Ng4 4. Nf3 Nc6 5. e3 Bb4+ 6. Nbd2 Ngxe5 7. a3 Bxd2+
8. Bxd2 d6 9. Be2 Be6 10. Qc2 Qd7 11. Nd4 O-O 12. Nxe6 fxe6 13. O-O Rf6 14. Bc3
Rg6 15. b4 Qf7 16. b5 Nf3+ 17. Bxf3 Ne7 18. Bxb7 Rb8 19. Be4 Rh6 20. f4 Qh5 21.
g3 Nf5 22. Bxf5 exf5 23. Qg2 Re8 24. Bd4 Re4 25. a4 a6 26. bxa6 c5 27. a7 Qe8
28. Rab1 Rhe6 29. Rb8 cxd4 30. Rxe8+ Rxe8 31. exd4 Ra8 32. Qb2 Re7 1-0